Miasta na prawach powiatu na literę G - Statystyki

Ogólne statystyki
  • Ten quiz został rozwiązany 29 razy
  • Średni wynik to 4 z 5
Statystyki odpowiedzi
Miasto % Poprawnych
Gdańsk
96%
Gdynia
93%
Gorzów Wielkopolski
86%
Grudziądz
86%
Gliwice
79%
Nie znaleziono quizów pasujących do podanych kryteriów
Rozkład punktacji
Procent ludzi z każdym wynikiem
Percentyl według liczby udzielonych odpowiedzi
Twoja historia wyników
Nie rozwiązałeś tego quizu